000 00768nam a2200253Ia 4500
003 OSt
005 20221005061846.0
006 a|||||r|||| 00| 0
007 ta
008 221004b |||||||| |||| 00| 0 eng d
020 _a9780415507660 (pbk)
_c2085.93
024 _a2508
037 _b36647, 18/01/2013, Segment Book Distributors
_cTextual
040 _aCRL
_cCRL
_beng
041 _2eng
_aeng
082 _aR325, Q2
100 _aBhaskar Roy
245 0 _aPhilosophy of metareality
_b Creativity, love and freedom
260 _aLondon
_bRoutledge UK
_c2012
300 _alxxxv, 364p.
_ccm.
650 _aPHILOSOPHY
942 _hR325, Q2
_cTEXL
_2cc
999 _c968822
_d968822